000 01033nam a2200253 a 4500
001 BRCA_4436
005 20190320204653.0
008 230810s1858----fr-a######---#000-0#spa-#
041 _aspa
044 _afr
084 _aF1230
_b.S65 2
_c1858
100 1 _aSolis y Rivadeneyra, Antonio de
_d1610-1686
_911246
245 1 0 _aHistoria de la conquista de Méjico
_bpoblación y progresos de la América septentrional, conocida por el nombre de Nueva España,
_cescribíala don Antonio de Solis, ilustrada con notas por don José de la Revilla.
260 _aParís
_bVa. Baudry
_c1858
300 _avi, 488 p.
_bil.
_c22 cm.
440 0 _aColección de los mejores autores españoles
_vtomo IV
_911247
500 _aNueva edición aumentada con un resúmen histórico, desde la rendición de Méjico hasta el fallecimiento de Hernan Cortés
500 _aEjemplar igual a B20
500 _aC3
651 4 _aMéxico
_xHistoria
_9614
700 1 _aRevilla, José de la
_d1800-1859
_eIlustrador
_911248
902 _aGFM
942 _2lcc
_cB
999 _c4145
_d4145